000 00638nam a22002297a 4500
999 _c814
_d814
001 814
003 BD-JhCC
005 20171010171513.0
008 171010s2011 bg |||| ||a| 00| 0 ben d
020 _a9789845020091
035 _a(BD-JhCC)814
040 _aBD-JhCC
_dBD-JhCC
041 _aben
082 _222
_a330
_bROS 2001
100 _aরশীদ, মামুন
245 _aসম্ভাবনার অর্থনীতি /
_cমামুন রশীদ
260 _aঢাকা :
_bঅন্য প্রকাশ,
_c2011
300 _a70 p. :
_c21 cm.
650 _aEconomics
942 _2ddc
_cBK